Normal view MARC view
  • Turbulence.

Entry Topical Term

Number of records used in: 4

001 - CONTROL NUMBER

  • control field: 13949

003 - CONTROL NUMBER IDENTIFIER

  • control field: NUST

005 - DATE AND TIME OF LATEST TRANSACTION

  • control field: 20190325104544.0

008 - FIXED-LENGTH DATA ELEMENTS

  • fixed length control field: 190325|| aca||aabn | a|a d

040 ## - CATALOGING SOURCE

  • Original cataloging agency: NUST
  • Transcribing agency: NUST

150 ## - HEADING--TOPICAL TERM

  • Topical term or geographic name entry element: Turbulence.

670 ## - SOURCE DATA FOUND

  • Source citation: Work cat.: (NUST)0: Sengupta, Tapan Kumar, 1955- 13948, Instabilities of flows and transition to turbulence /, 2012.
© 2023 Central Library, National University of Sciences and Technology. All Rights Reserved.